Optimalizácia montážnej linky na plnenie dvojradového ložiska : Bakalárska práca

Saved in:
Bibliographic Details
Main Author: Válek, Pavol (Author)
Other Authors: Vojtek, Ján (xxx)
Format: Manuscript Book
Language:Slovak
Published: Trnava : STU v Bratislave MtF KTZS, 2005
Subjects:
Tags: Add Tag
No Tags, Be the first to tag this record!

MARC

LEADER 00000ntm a22000003a 4500
001 stu95904
005 20160719155255.0
008 051004s2005----xo------------------slo-d
040 |a STU  |b slo 
041 0 |a slo 
044 |a xo 
100 1 |a Válek, Pavol  |4 aut 
245 1 |a Optimalizácia montážnej linky na plnenie dvojradového ložiska :  |b Bakalárska práca 
260 |a Trnava :  |b STU v Bratislave MtF KTZS,  |c 2005 
300 |a 40 s  |c 1 CD 
650 7 |a technologické zariadenia a systémy  |2 stusub 
700 1 |a Vojtek, Ján  |4 xxx 
996 |b 284M062898  |c M*BP-1220  |l MMSKP  |s P  |a 0  |w stu95904_0001